[Event "SR 2. liga A 2011/2012"]
[Site "?"]
[Date "2011.10.09"]
[Round "10.5"]
[White "Mandak, Miroslav"]
[Black "Kavon, Rastislav"]
[Result "0-1"]
[WhiteElo "2003"]
[BlackElo "1879"]
[PlyCount "186"]
[EventDate "2011.??.??"]
[WhiteTeam "Slovakia"]
[BlackTeam "Slovakia"]
[WhiteTeamCountry "SVK"]
[BlackTeamCountry "SVK"]

1. Nf3 Nf6 2. g3 d5 3. Bg2 Bf5 4. O-O e6 5. d3 Be7 6. Nbd2 O-O 7. c3 c5 8. Re1
Nc6 9. Qa4 Qc7 10. e4 Bg6 11. Nh4 Rfd8 12. exd5 Nxd5 13. Nxg6 hxg6 14. Qe4 Rd7
15. Nc4 Rad8 16. Bf1 b5 17. Na3 b4 18. cxb4 Ndxb4 19. Bf4 Qc8 20. Red1 Bf6 21.
Nc4 Nd4 22. a3 Nd5 23. Be5 Bxe5 24. Nxe5 Nf6 25. Qg2 Rb7 26. Rab1 Qb8 27. Nc6
Nxc6 28. Qxc6 Rc8 29. Qa6 Rb6 30. Qa5 Rxb2 31. Rxb2 Qxb2 32. Qxa7 Ng4 33. Bg2
Qxf2+ 34. Kh1 Ne3 35. Rg1 Rd8 36. Qxc5 Rxd3 37. Qc8+ Kh7 38. Qa8 Nxg2 39. Qxg2
Qxg2+ 40. Kxg2 Rxa3 41. h4 g5 42. hxg5 Kg6 43. Rf1 Ra5 44. Rf2 Rf5 45. Rb2 Kxg5
46. Kh3 e5 47. Rb4 g6 48. Re4 Kf6 49. Ra4 Ke6 50. Kg4 Rh5 51. Ra6+ Kd5 52. Rf6
Rf5 53. Ra6 f6 54. Ra5+ Kc4 55. Ra4+ Kc5 56. Ra5+ Kb4 57. Ra6 Rg5+ 58. Kf3 f5
59. Rc6 e4+ 60. Kf2 Rg4 61. Rc8 g5 62. Rc7 f4 63. gxf4 gxf4 64. Re7 f3 65. Ke3
Kc5 66. Rd7 Kc4 67. Rd1 Kc3 68. Rc1+ Kb2 69. Rf1 Kb3 70. Rc1 Kb4 71. Rd1 Kc4
72. Rd4+ Kc5 73. Rd1 Kc6 74. Ra1 Kd6 75. Rh1 Ke6 76. Ra1 Kf6 77. Ra5 Kg6 78.
Re5 Kh6 79. Re8 Kg7 80. Re5 Kf7 81. Ra5 Kf6 82. Rb5 Rg5 83. Rb8 Re5 84. Rg8 Kf5
85. Rh8 Kg4 86. Rg8+ Rg5 87. Rh8 Kg3 88. Rf8 Kg2 89. Rf4 Rg3 90. Rf8 f2+ 91.
Ke2 e3 92. Rf7 Kg1 93. Rf8 Rg2 0-1

[Event "SR 2. liga A 2011/2012"]
[Site "?"]
[Date "2011.10.09"]
[Round "10.6"]
[White "Lopatievov, Alexander"]
[Black "Povysil, Peter"]
[Result "0-1"]
[WhiteElo "1925"]
[BlackElo "1990"]
[PlyCount "130"]
[EventDate "2011.??.??"]
[WhiteTeam "Slovakia"]
[BlackTeam "Slovakia"]
[WhiteTeamCountry "SVK"]
[BlackTeamCountry "SVK"]

1. c4 Nf6 2. Nf3 c5 3. g3 Nc6 4. Bg2 e6 5. Nc3 d5 6. cxd5 exd5 7. d4 Be6 8. O-O
Be7 9. Re1 O-O 10. a3 Ne4 11. Be3 cxd4 12. Nxd4 Nxc3 13. bxc3 Qd7 14. Nxe6 fxe6
15. f4 Bf6 16. Bd4 Rad8 17. e3 e5 18. fxe5 Bxe5 19. Rf1 Rxf1+ 20. Qxf1 Nxd4 21.
exd4 Bf6 22. Rb1 a6 23. Qd3 Rc8 24. Rb3 Qe6 25. Qf3 Qe1+ 26. Bf1 Rxc3 27. Qxd5+
Kh8 28. Rxb7 Qe3+ 29. Kh1 Rc8 30. Rb3 Qe1 31. Qf5 Rd8 32. d5 h6 33. Kg2 Qd2+
34. Kh3 Qxd5 35. Qxd5 Rxd5 36. Bxa6 g6 37. a4 Ra5 38. Rb8+ Kh7 39. Rb7+ Bg7 40.
Bb5 h5 41. Kg2 Kh6 42. Kf3 Bd4 43. Rd7 Bc3 44. Rc7 Bf6 45. Rc6 Kg7 46. Rc7+ Kh6
47. Ke4 Ra8 48. Rc6 Kg7 49. Rc2 Kh6 50. Kd5 h4 51. Rf2 hxg3 52. Rxf6 g2 53. Rf1
gxf1=Q 54. Bxf1 Rxa4 55. h3 Rf4 56. Be2 Kg5 57. Ke5 Rf2 58. Bg4 Kh4 59. Ke4 g5
60. Ke3 Kg3 61. Bd7 Rh2 62. Be6 Rxh3 63. Bxh3 Kxh3 64. Kf2 g4 65. Kg1 Kg3 0-1

[Event "SR 2. liga A 2011/2012"]
[Site "?"]
[Date "2011.10.09"]
[Round "10.7"]
[White "Dzavik, Jozef"]
[Black "Mackovic, Miroslav"]
[Result "1-0"]
[WhiteElo "2025"]
[BlackElo "1911"]
[PlyCount "117"]
[EventDate "2011.??.??"]
[WhiteTeam "Slovakia"]
[BlackTeam "Slovakia"]
[WhiteTeamCountry "SVK"]
[BlackTeamCountry "SVK"]

1. e4 c5 2. Nf3 d6 3. d4 cxd4 4. Nxd4 Nf6 5. Nc3 a6 6. a4 Nc6 7. Be2 e6 8. Be3
Be7 9. O-O O-O 10. Nb3 b6 11. f4 Qc7 12. Bf3 Bb7 13. Qe2 Nd7 14. Rfd1 Nc5 15.
Qf2 Nd7 16. Rd2 Nd8 17. Rad1 Rb8 18. Qg3 f5 19. Bd4 Nf6 20. e5 Ne8 21. Ne2 d5
22. Qf2 Bc6 23. Ra1 Bd7 24. a5 bxa5 25. Nxa5 Bb5 26. c3 Nc6 27. Nxc6 Qxc6 28.
b4 Nc7 29. Rda2 Rf7 30. h4 Rff8 31. Ra3 Rfc8 32. Nc1 Ra8 33. Nb3 Rab8 34. g3
Rf8 35. Bc5 Rf7 36. Bxe7 Rxe7 37. Nc5 Rb6 38. Qd4 g6 39. Rc1 Bc4 40. Qxc4 dxc4
41. Bxc6 Rxc6 42. Kf2 Re8 43. Ke2 Rd8 44. Rd1 Rxd1 45. Kxd1 Nb5 46. Rxa6 Rxa6
47. Nxa6 Nxc3+ 48. Kc2 Nd5 49. b5 Kf7 50. Nc5 Ke7 51. Kb2 Kf7 52. Ka3 h6 53.
Ka4 g5 54. hxg5 hxg5 55. fxg5 c3 56. Kb3 Ke7 57. Nd3 Ne3 58. Kxc3 Nf1 59. b6
1-0

[Event "SR 2. liga A 2011/2012"]
[Site "?"]
[Date "2011.10.09"]
[Round "10.8"]
[White "Jablonicky, Martin"]
[Black "Faltan, Peter"]
[Result "1/2-1/2"]
[WhiteElo "1757"]
[BlackElo "1979"]
[PlyCount "44"]
[EventDate "2011.??.??"]
[WhiteTeam "Slovakia"]
[BlackTeam "Slovakia"]
[WhiteTeamCountry "SVK"]
[BlackTeamCountry "SVK"]

1. e4 e5 2. Nf3 Nf6 3. Nxe5 d6 4. Nf3 Nxe4 5. d4 d5 6. Bd3 Bf5 7. O-O Be7 8.
Re1 O-O 9. c4 c6 10. cxd5 cxd5 11. Nc3 Nxc3 12. bxc3 Bxd3 13. Qxd3 Nc6 14. Rb1
Rb8 15. Bf4 Bd6 16. Bxd6 Qxd6 17. Ne5 f6 18. Nxc6 bxc6 19. Rxb8 Rxb8 20. Qa6
Qd7 21. h3 Kf7 22. Qd3 g6 1/2-1/2

[Event "SR 2. liga A 2011/2012"]
[Site "?"]
[Date "2011.10.09"]
[Round "11.1"]
[White "Peitl, Tomas"]
[Black "Rohacek, Miroslav"]
[Result "0-1"]
[WhiteElo "2214"]
[BlackElo "2297"]
[PlyCount "62"]
[EventDate "2011.??.??"]
[WhiteTeam "Slovakia"]
[BlackTeam "Slovakia"]
[WhiteTeamCountry "SVK"]
[BlackTeamCountry "SVK"]

1. Nf3 d5 2. c4 d4 3. e3 Nc6 4. b4 dxe3 5. fxe3 Nxb4 6. d4 e5 7. a3 Nc6 8. Bb2
exd4 9. exd4 Nf6 10. Bd3 Be7 11. O-O O-O 12. d5 Na5 13. Ng5 h6 14. Nf3 c6 15.
Nc3 Qb6+ 16. Rf2 Ng4 17. Qe2 Bc5 18. Ne4 Nxf2 19. Nxf2 Bg4 20. Kf1 Bxf3 21.
gxf3 Bxf2 22. Qxf2 Qxf2+ 23. Kxf2 Rfd8 24. Rg1 g6 25. Bf6 cxd5 26. Bxd8 Rxd8
27. cxd5 Rxd5 28. Ke3 Kg7 29. Rb1 b6 30. Be4 Nc4+ 31. Ke2 Rd2+ 0-1

[Event "SR 2. liga A 2011/2012"]
[Site "?"]
[Date "2012.02.26"]
[Round "11.2"]
[White "Kovac, Andrej"]
[Black "Hecko, Dusan"]
[Result "1/2-1/2"]
[WhiteElo "2154"]
[BlackElo "2123"]
[Annotator "Fritz 12 (20s)"]
[PlyCount "100"]
[EventDate "2011.??.??"]
[WhiteTeam "Slovakia"]
[BlackTeam "Slovakia"]
[WhiteTeamCountry "SVK"]
[BlackTeamCountry "SVK"]

{A55: Old Indian Defence with Nf3 and e4} 1. d4 Nf6 2. Nf3 d6 3. g3 Nbd7 4. Bg2
e5 5. O-O Be7 6. c4 O-O 7. Nc3 c6 8. h3 Qc7 9. e4 Re8 10. Re1 ({kniz. Fritz} 
10. Be3 Nf8 11. Rc1 Ng6 12. Qd2 Bd7 13. Rfd1 Rad8 14. b4 Qb8 15. a3 h6 16. Kh2
b6 17. Ne1 Nh7 18. d5 c5 19. Nd3 f5 20. bxc5 bxc5 21. Rb1 $14) 10... Nf8 {N} (
10... Bf8) 11. b3 Bd7 12. c5 $6 exd4 13. cxd6 $14 Bxd6 14. Nxd4 Rad8 15. Qc2
Be5 16. Be3 Bc8 (16... Ne6 $5 17. Nxe6 Rxe6 $14) 17. Rad1 $16 Ne6 18. Nxe6 Bxe6
19. f4 Bxc3 20. Qxc3 a6 21. Kh2 Rxd1 22. Rxd1 Rd8 23. Rxd8+ Qxd8 24. Qb4 Bc8
25. Bb6 Qd7 26. a4 h6 27. a5 Ne8 28. f5 Nc7 29. g4 Nb5 30. e5 Nc7 31. Qd4 $18
Qxd4 32. Bxd4 Kf8 33. Kg3 h5 34. Kf4 hxg4 35. hxg4 g6 36. Kg5 gxf5 37. gxf5 Bd7
$2 (37... Be6 $142 38. Bb6 Bd5 $18) 38. Kf6 Ne8+ $11 39. Kg5 Nc7 40. Bb6 Nd5
41. Bxd5 $4 (41. Bc5+ $142 Kg8 42. Bf3 $18) 41... cxd5 $11 42. Kf6 Ke8 43. Bc5
Bc6 44. Kg7 d4 45. e6 Bd5 46. Bxd4 fxe6 47. f6 e5 48. Bxe5 Bxb3 49. Kg6 Be6 50.
Kg5 Kf7 1/2-1/2

[Event "SR 2. liga A 2011/2012"]
[Site "?"]
[Date "2011.10.09"]
[Round "11.3"]
[White "Oprea, Erik"]
[Black "Kralovic, Andrej"]
[Result "1-0"]
[WhiteElo "2135"]
[BlackElo "2172"]
[PlyCount "35"]
[EventDate "2011.??.??"]
[WhiteTeam "Slovakia"]
[BlackTeam "Slovakia"]
[WhiteTeamCountry "SVK"]
[BlackTeamCountry "SVK"]

1. c4 Nf6 2. d4 c5 3. d5 e6 4. Nc3 exd5 5. cxd5 Bd6 6. e4 O-O 7. f4 Nxe4 8.
Nxe4 Re8 9. Qe2 Bf8 10. Nf3 b6 11. f5 Bb7 12. Bg5 f6 13. O-O-O fxg5 14. Nfxg5
Be7 15. Qh5 Bxg5+ 16. Nxg5 h6 17. Qf7+ Kh8 18. f6 1-0

[Event "SR 2. liga A 2011/2012"]
[Site "?"]
[Date "2011.10.09"]
[Round "11.4"]
[White "Kimerling, Martin"]
[Black "Szollos, Ondrej"]
[Result "1-0"]
[WhiteElo "2015"]
[BlackElo "2051"]
[PlyCount "81"]
[EventDate "2011.??.??"]
[WhiteTeam "Slovakia"]
[BlackTeam "Slovakia"]
[WhiteTeamCountry "SVK"]
[BlackTeamCountry "SVK"]

1. d4 d6 2. c4 c6 3. Nf3 Nf6 4. g3 Qc7 5. Nc3 e5 6. e4 Be7 7. Bg2 O-O 8. O-O
Rd8 9. h3 Nbd7 10. Be3 Nf8 11. Qc2 Ng6 12. Rad1 b6 13. Rfe1 Bb7 14. dxe5 dxe5
15. c5 b5 16. b4 a5 17. a3 axb4 18. axb4 Rxd1 19. Rxd1 Bc8 20. Qb2 Qa7 21. Nd2
Qa3 22. Rb1 Ne8 23. Qxa3 Rxa3 24. Rb3 Ra7 25. f4 exf4 26. gxf4 Nh4 27. Bf1 Be6
28. Rb2 Bf6 29. e5 Be7 30. Nde4 Ra1 31. Rb1 Ra3 32. Bc1 Ra8 33. Nd6 Nc7 34. Bd3
f5 35. Kf2 h6 36. Ne2 g6 37. Nd4 Bd7 38. Bc2 Ra2 39. Rb2 Rxb2 40. Bxb2 Bxd6 41.
Bb3+ 1-0

[Event "SR 2. liga A 2011/2012"]
[Site "?"]
[Date "2011.10.09"]
[Round "11.5"]
[White "Prikler, Bruno"]
[Black "Padysak, Tomas"]
[Result "1-0"]
[WhiteElo "2037"]
[BlackElo "2025"]
[PlyCount "101"]
[EventDate "2011.??.??"]
[WhiteTeam "Slovakia"]
[BlackTeam "Slovakia"]
[WhiteTeamCountry "SVK"]
[BlackTeamCountry "SVK"]

1. g3 d5 2. Bg2 e5 3. d4 e4 4. f3 f5 5. fxe4 fxe4 6. Bf4 Bd6 7. e3 Bxf4 8. exf4
Nf6 9. Nh3 Bg4 10. Qd2 Qd6 11. O-O Nbd7 12. c4 c6 13. Nf2 Bf5 14. Nc3 O-O 15.
Ncd1 Be6 16. Ne3 Rfe8 17. Rac1 Rac8 18. Nh3 dxc4 19. f5 Bd5 20. Nf4 Nb6 21. g4
Bf7 22. g5 Nfd5 23. Nfxd5 cxd5 24. f6 g6 25. Ng4 h5 26. gxh6 Kh7 27. Qg5 Nd7
28. Rf5 Qb6 29. Rd1 Qe6 30. Ne3 Nb6 31. Bh3 Rc6 32. Rdf1 Qd6 33. Kh1 c3 34.
bxc3 Rxc3 35. Bg4 Rd3 36. Re5 Qf8 37. Nf5 Rxe5 38. dxe5 Nc4 39. Ng7 Ne3 40. Rg1
Nxg4 41. Qxg4 Rf3 42. Ne6 Bxe6 43. Qxe6 Qxh6 44. Qxd5 Rh3 45. Qxb7+ Kh8 46.
Qa8+ Kh7 47. Qxa7+ Kh8 48. Qb8+ Kh7 49. e6 Qe3 50. Qc7+ Kh6 51. Qg7+ 1-0

[Event "SR 2. liga A 2011/2012"]
[Site "?"]
[Date "2011.10.09"]
[Round "11.6"]
[White "Sebo, Viktor"]
[Black "Hricak, Vasil"]
[Result "1-0"]
[WhiteElo "1924"]
[BlackElo "1978"]
[PlyCount "106"]
[EventDate "2011.??.??"]
[WhiteTeam "Slovakia"]
[BlackTeam "Slovakia"]
[WhiteTeamCountry "SVK"]
[BlackTeamCountry "SVK"]

1. e4 c5 2. Nf3 d6 3. d4 cxd4 4. Nxd4 Nf6 5. Nc3 g6 6. Bc4 Bg7 7. f3 O-O 8. Be3
Nc6 9. Qd2 Bd7 10. O-O-O Rc8 11. Bb3 Ne5 12. Bh6 Nc4 13. Bxc4 Rxc4 14. Bxg7
Kxg7 15. h4 h5 16. Rhg1 b5 17. g4 b4 18. Nd5 Nxd5 19. exd5 Rh8 20. Nf5+ Bxf5
21. gxf5 Qc8 22. fxg6 fxg6 23. Qg5 Qe8 24. Rde1 Kf8 25. f4 Qf7 26. f5 gxf5 27.
Ref1 f4 28. b3 Rd4 29. Qg2 Rxd5 30. Kb1 e5 31. Qh3 Rc5 32. Rg5 Ke7 33. Rfg1 Rh7
34. Qg2 f3 35. Qd2 e4 36. Rxc5 dxc5 37. Qg5+ Kd6 38. Qd8+ Kc6 39. Qc8+ Kb6 40.
Qb8+ Kc6 41. Qc8+ Kb6 42. Qb8+ Ka5 43. a4 Qb7 44. Qd8+ Qb6 45. Qe8 Qb7 46. Rg5
Rc7 47. Re5 Qc6 48. Qxh5 f2 49. Qf5 Qd6 50. Ka2 a6 51. Rxe4 Qd2 52. Rf4 Qd8 53.
h5 Qd7 1-0

[Event "SR 2. liga A 2011/2012"]
[Site "?"]
[Date "2011.10.09"]
[Round "11.7"]
[White "Sosovicka, Matej"]
[Black "Sklars, Tomas"]
[Result "1/2-1/2"]
[WhiteElo "1961"]
[BlackElo "1898"]
[PlyCount "117"]
[EventDate "2011.??.??"]
[WhiteTeam "Slovakia"]
[BlackTeam "Slovakia"]
[WhiteTeamCountry "SVK"]
[BlackTeamCountry "SVK"]

1. d4 Nf6 2. c4 g6 3. Nc3 Bg7 4. e4 d6 5. Nf3 O-O 6. Be2 Nbd7 7. O-O e5 8. Re1
h6 9. Bf1 Nh7 10. dxe5 Nxe5 11. Nxe5 Bxe5 12. Be3 Be6 13. Qb3 b6 14. f4 Bg7 15.
g3 Nf6 16. h3 Nd7 17. Nd5 Nc5 18. Qc2 Qd7 19. f5 Bxd5 20. cxd5 Qe7 21. Bf4 g5
22. Bd2 Qe5 23. Kg2 Qxb2 24. Qxb2 Bxb2 25. Rab1 Bf6 26. Bb5 a6 27. Bc6 Rab8 28.
a4 Nd3 29. Re3 Ne5 30. Rc1 Nxc6 31. Rxc6 Rb7 32. Rb3 Ra8 33. Kf3 Kg7 34. Bc3
Bxc3 35. Rbxc3 Raa7 36. Ke3 b5 37. axb5 axb5 38. Kd4 Ra4+ 39. Kd3 Raa7 40. Kd4
b4 41. Rb3 Ra4 42. Rc4 Kf6 43. g4 Ke7 44. e5 dxe5+ 45. Kxe5 f6+ 46. Kd4 Ra3 47.
Rbxb4 Rxb4 48. Rxb4 Rxh3 49. Kc5 Rc3+ 50. Kd4 Rf3 51. Kc5 Rc3+ 52. Kd4 Rc1 53.
Ra4 Kd6 54. Ra6+ c6 55. dxc6 Rxc6 56. Ra8 Rc1 57. Ra6+ Rc6 58. Ra8 Rb6 59. Ra4
1/2-1/2

[Event "SR 2. liga A 2011/2012"]
[Site "?"]
[Date "2011.10.09"]
[Round "11.8"]
[White "Solar, Andrej"]
[Black "Hurban, Martin"]
[Result "1/2-1/2"]
[WhiteElo "1775"]
[BlackElo "1945"]
[PlyCount "63"]
[EventDate "2011.??.??"]
[WhiteTeam "Slovakia"]
[BlackTeam "Slovakia"]
[WhiteTeamCountry "SVK"]
[BlackTeamCountry "SVK"]

1. e4 e6 2. d4 d5 3. exd5 exd5 4. Nc3 Nf6 5. Bg5 Be7 6. Nf3 O-O 7. Bd3 c6 8.
Qd2 Nbd7 9. h4 Re8 10. O-O-O b5 11. g4 b4 12. Ne2 a5 13. Ng3 a4 14. Bxf6 Nxf6
15. g5 Nd7 16. h5 b3 17. a3 f6 18. Bxh7+ Kxh7 19. Qd3+ Kg8 20. h6 Nf8 21. hxg7
Kxg7 22. g6 Bg4 23. Nh5+ Bxh5 24. Rxh5 Qd6 25. Qf5 Bd8 26. Rdh1 Bc7 27. Rh7+
Nxh7 28. Rxh7+ Kg8 29. Rh8+ Kg7 30. Rh7+ Kg8 31. Rh8+ Kg7 32. Rh7+ 1/2-1/2

[Event "SR 2. liga A 2011/2012"]
[Site "?"]
[Date "2011.10.09"]
[Round "12.1"]
[White "Banas, Kamil"]
[Black "Kleman, Miroslav"]
[Result "1-0"]
[WhiteElo "2222"]
[BlackElo "2230"]
[PlyCount "83"]
[EventDate "2011.??.??"]
[WhiteTeam "Slovakia"]
[BlackTeam "Slovakia"]
[WhiteTeamCountry "SVK"]
[BlackTeamCountry "SVK"]

1. e4 e5 2. Nf3 f5 3. Nxe5 Nc6 4. Nxc6 dxc6 5. d3 Bd6 6. Qh5+ g6 7. Qe2 fxe4 8.
Nc3 Nf6 9. Bg5 O-O 10. dxe4 Qe8 11. f3 Nh5 12. O-O-O Be5 13. Be3 Nf4 14. Qe1
Be6 15. g3 Nh5 16. f4 Bg7 17. Bd4 Bxd4 18. Rxd4 g5 19. fxg5 Qg6 20. Qe3 Kh8 21.
Be2 Bh3 22. e5 Ng7 23. Bd3 Bf5 24. h4 Bxd3 25. Rxd3 Rae8 26. Re1 b6 27. Rd7 Rf7
28. Rxf7 Qxf7 29. Qf4 Qe6 30. g4 Kg8 31. Ne4 Re7 32. b3 Qc8 33. Rd1 Ne6 34. Qf5
Rf7 35. Nf6+ Kh8 36. h5 Re7 37. h6 Qf8 38. Nxh7 Rxh7 39. Qxe6 Qf4+ 40. Kb1 Qxg5
41. Qe8+ Qg8 42. Rd8 1-0

[Event "SR 2. liga A 2011/2012"]
[Site "?"]
[Date "2011.10.09"]
[Round "12.2"]
[White "Tepper, Frantisek"]
[Black "Matejovic, Juraj"]
[Result "1/2-1/2"]
[WhiteElo "2163"]
[BlackElo "2243"]
[PlyCount "56"]
[EventDate "2011.??.??"]
[WhiteTeam "Slovakia"]
[BlackTeam "Slovakia"]
[WhiteTeamCountry "SVK"]
[BlackTeamCountry "SVK"]

1. e4 c5 2. Nf3 d6 3. Bb5+ Bd7 4. Bxd7+ Qxd7 5. O-O Nc6 6. c3 Nf6 7. Re1 e6 8.
d4 cxd4 9. cxd4 d5 10. e5 Ne4 11. Nbd2 Nxd2 12. Bxd2 Be7 13. a3 O-O 14. b4 a6
15. Qb3 Rfc8 16. Rec1 b5 17. Qd3 Nd8 18. Be3 Ra7 19. Rxc8 Qxc8 20. Rc1 Rc7 21.
Rxc7 Qxc7 22. Kf1 Nb7 23. Ke2 Qc8 24. Bd2 g6 25. Ne1 h5 26. Qc3 Qc4+ 27. Ke3
Kf8 28. Qxc4 bxc4 1/2-1/2

[Event "SR 2. liga A 2011/2012"]
[Site "?"]
[Date "2011.10.09"]
[Round "12.3"]
[White "Federic, Pavol"]
[Black "Certek, Pavel"]
[Result "1-0"]
[WhiteElo "2219"]
[BlackElo "2322"]
[PlyCount "145"]
[EventDate "2011.??.??"]
[WhiteTeam "Slovakia"]
[BlackTeam "Slovakia"]
[WhiteTeamCountry "SVK"]
[BlackTeamCountry "SVK"]

1. e4 c5 2. Nf3 Nc6 3. d4 cxd4 4. Nxd4 g6 5. Nc3 Bg7 6. Be3 Nf6 7. Bc4 O-O 8.
Bb3 a5 9. f3 d5 10. Bxd5 Nxd5 11. Nxd5 e6 12. Nxc6 bxc6 13. Nb6 Rb8 14. Qxd8
Rxd8 15. Rb1 Ba6 16. Na4 f5 17. Nc5 Bc4 18. b3 e5 19. Rd1 Rxd1+ 20. Kxd1 Bf7
21. a4 Bf8 22. Ke2 Bxc5 23. Bxc5 Be6 24. h3 g5 25. g4 fxe4 26. fxe4 Bf7 27. Rd1
Rb7 28. Rd6 Bg6 29. Ke3 Rf7 30. Rd8+ Kg7 31. Bd6 Rf1 32. Bxe5+ Kf7 33. Bc3 Rh1
34. Bxa5 Rxh3+ 35. Kd4 Rg3 36. Ke5 Rxg4 37. Rd7+ Ke8 38. Rd4 c5 39. Rc4 Kd7 40.
Bb6 Kc6 41. a5 h5 42. Rxc5+ Kb7 43. Rc7+ Kb8 44. a6 Rxe4+ 45. Kf6 Re8 46. a7+
Ka8 47. Kxg6 Re6+ 48. Kxh5 Rxb6 49. Rc5 Kxa7 50. Kxg5 Re6 51. Kf5 Re2 52. Kf4
Kb6 53. Rc4 Kb5 54. Kf3 Re1 55. c3 Ka5 56. Re4 Rc1 57. Re5+ Kb6 58. Re3 Rb1 59.
b4 Kb5 60. Re5+ Kc4 61. Rc5+ Kd3 62. Kf4 Re1 63. b5 Re8 64. Kf5 Kc2 65. b6 Kb3
66. b7 Rb8 67. Rc7 Ka4 68. c4 Ka5 69. c5 Ka6 70. c6 Rf8+ 71. Ke6 Re8+ 72. Kd7
Rb8 73. Rc8 1-0

[Event "SR 2. liga A 2011/2012"]
[Site "?"]
[Date "2011.10.09"]
[Round "12.5"]
[White "Mydlarik, Martin"]
[Black "Mikulas, Dusan"]
[Result "1/2-1/2"]
[WhiteElo "2136"]
[BlackElo "2142"]
[PlyCount "36"]
[EventDate "2011.??.??"]
[WhiteTeam "Slovakia"]
[BlackTeam "Slovakia"]
[WhiteTeamCountry "SVK"]
[BlackTeamCountry "SVK"]

1. e4 e5 2. Nf3 Nc6 3. d4 exd4 4. Nxd4 Bc5 5. Be3 Qf6 6. c3 Nge7 7. Bc4 Qg6 8.
O-O O-O 9. Nd2 Ne5 10. Nf5 Nxf5 11. exf5 Qc6 12. Bxc5 Qxc5 13. Bb3 d5 14. Nf3
Ng4 15. Qxd5 Qxd5 16. Bxd5 Bxf5 17. Rfe1 c6 18. Bb3 Rfe8 1/2-1/2

[Event "SR 2. liga A 2011/2012"]
[Site "?"]
[Date "2011.10.09"]
[Round "12.6"]
[White "Hecht, Tomas"]
[Black "Prielozny, Marek"]
[Result "1-0"]
[WhiteElo "1982"]
[BlackElo "2008"]
[PlyCount "69"]
[EventDate "2011.??.??"]
[WhiteTeam "Slovakia"]
[BlackTeam "Slovakia"]
[WhiteTeamCountry "SVK"]
[BlackTeamCountry "SVK"]

1. e4 e6 2. d4 d5 3. Nc3 Nf6 4. Bg5 Bb4 5. e5 h6 6. Bd2 Bxc3 7. bxc3 Ne4 8. Qg4
Kf8 9. Nf3 c5 10. Be2 Nc6 11. O-O g5 12. Qh5 Nxd2 13. Nxd2 cxd4 14. f4 g4 15.
cxd4 Nxd4 16. Bxg4 Nxc2 17. Rab1 Ne3 18. Rf2 Nxg4 19. Qxg4 f5 20. exf6 Qxf6 21.
Qe2 b6 22. Nf3 Rh7 23. Ne5 Qf5 24. Rc1 Qe4 25. Qd2 Bb7 26. Re1 Qf5 27. Qb4+ Kg8
28. Qd6 Rc8 29. h3 Rg7 30. Kh2 Rc2 31. Rxc2 Qxc2 32. Qxe6+ Kh7 33. Ng4 Qc6 34.
Nf6+ Kg6 35. Ne8+ 1-0

[Event "SR 2. liga A 2011/2012"]
[Site "?"]
[Date "2011.10.09"]
[Round "12.7"]
[White "Kundrak, Vladimir"]
[Black "Kuna, Vladimir"]
[Result "1/2-1/2"]
[WhiteElo "1957"]
[BlackElo "2028"]
[PlyCount "69"]
[EventDate "2011.??.??"]
[WhiteTeam "Slovakia"]
[BlackTeam "Slovakia"]
[WhiteTeamCountry "SVK"]
[BlackTeamCountry "SVK"]

1. e4 c5 2. Nf3 d6 3. d4 cxd4 4. Qxd4 Nc6 5. Bb5 Bd7 6. Bxc6 Bxc6 7. Nc3 h6 8.
Be3 Nf6 9. h3 e5 10. Qd3 Be7 11. O-O-O Qc7 12. Kb1 a6 13. Nd2 b5 14. g4 Rc8 15.
Rc1 b4 16. Nd1 d5 17. exd5 Bxd5 18. f3 Qb7 19. Rf1 Rd8 20. Qe2 a5 21. Bg1 O-O
22. Ne3 Be6 23. Rcd1 a4 24. Nf5 Bxf5 25. gxf5 Nd5 26. Ne4 Nc3+ 27. Nxc3 bxc3
28. b3 Rc8 29. Qe4 Qxe4 30. fxe4 axb3 31. Rd7 bxa2+ 32. Kxa2 Bg5 33. Rb1 Rc6
34. Rbb7 Bd2 35. Kb3 1/2-1/2

[Event "SR 2. liga A 2011/2012"]
[Site "?"]
[Date "2011.11.05"]
[Round "13.1"]
[White "Petenyi, Tamas"]
[Black "Likavsky, Tomas"]
[Result "1-0"]
[WhiteElo "2347"]
[BlackElo "2486"]
[PlyCount "79"]
[EventDate "2011.??.??"]
[WhiteTeam "Slovakia"]
[BlackTeam "Slovakia"]
[WhiteTeamCountry "SVK"]
[BlackTeamCountry "SVK"]

1. e4 c5 2. c3 d5 3. exd5 Qxd5 4. d4 Nf6 5. Nf3 e6 6. Be2 Nc6 7. Na3 Qd8 8.
dxc5 Qxd1+ 9. Bxd1 Bxc5 10. Nc4 Nd5 11. O-O f6 12. b4 Be7 13. Bd2 e5 14. Bb3
Be6 15. Rfe1 O-O-O 16. b5 Nb8 17. Ncxe5 fxe5 18. Rxe5 Bg8 19. Bxd5 Bxd5 20.
Rxe7 Bxf3 21. Bf4 Rd7 22. Rxd7 Nxd7 23. gxf3 Rf8 24. Be3 Rxf3 25. Bd4 Rf7 26.
Re1 b6 27. Kg2 Kb7 28. Re6 Nf8 29. Re4 Ng6 30. a4 Ne7 31. Re6 Nf5 32. Be5 g6
33. Re8 a6 34. Rb8+ Ka7 35. a5 axb5 36. axb6+ Ka6 37. Bc7 Rd7 38. Ra8+ Kb7 39.
Ra7+ Kc6 40. b7 1-0

[Event "SR 2. liga A 2011/2012"]
[Site "?"]
[Date "2011.11.05"]
[Round "13.2"]
[White "Doucha, Ludvik"]
[Black "Rachela, Jozef"]
[Result "0-1"]
[WhiteElo "2102"]
[BlackElo "2087"]
[PlyCount "96"]
[EventDate "2011.??.??"]
[WhiteTeam "Slovakia"]
[BlackTeam "Slovakia"]
[WhiteTeamCountry "SVK"]
[BlackTeamCountry "SVK"]

1. e4 e5 2. Nf3 Nf6 3. Nc3 Nc6 4. d4 exd4 5. Nd5 d6 6. Bg5 Be7 7. Nxe7 Qxe7 8.
Bd3 Bg4 9. O-O O-O 10. h3 Bh5 11. g4 Bg6 12. Re1 Rfe8 13. Qd2 Ne5 14. Nh2 h6
15. Bh4 Nxe4 16. Bxe4 Qxh4 17. Bg2 d3 18. cxd3 Nxd3 19. Re3 Rxe3 20. Qxe3 Qf6
21. Rd1 Nxb2 22. Rd4 c5 23. Rd5 c4 24. f4 Bd3 25. Nf3 Kf8 26. g5 hxg5 27. fxg5
Qe7 28. Qd4 Nd1 29. Rxd6 Qe3+ 30. Qxe3 Nxe3 31. Ne5 Nxg2 32. Nxd3 Ne3 33. Nc1
Rc8 34. Rd7 Rb8 35. Kf2 Nf5 36. a4 Ke8 37. Rd5 g6 38. Rc5 Nd6 39. Ke3 Kd7 40.
Kf4 Re8 41. Kf3 Re1 42. Ne2 Ra1 43. a5 Ra3+ 44. Kg2 Rd3 45. Nf4 Rd2+ 46. Kf3 b6
47. Ke3 Rd1 48. Re5 c3 0-1

[Event "SR 2. liga A 2011/2012"]
[Site "?"]
[Date "2011.11.05"]
[Round "13.3"]
[White "Takacs, Laszlo"]
[Black "Hertel, Ondrej"]
[Result "1/2-1/2"]
[WhiteElo "1976"]
[BlackElo "2073"]
[PlyCount "77"]
[EventDate "2011.??.??"]
[WhiteTeam "Slovakia"]
[BlackTeam "Slovakia"]
[WhiteTeamCountry "SVK"]
[BlackTeamCountry "SVK"]

1. e4 c6 2. d4 d5 3. e5 Bf5 4. Nf3 e6 5. Bd3 Bxd3 6. Qxd3 a6 7. O-O c5 8. c3
Nc6 9. Nbd2 h5 10. dxc5 Bxc5 11. Nb3 Be7 12. Nbd4 Nxd4 13. Nxd4 Qd7 14. Re1 Nh6
15. f4 g6 16. Qf3 Bc5 17. Rd1 Nf5 18. Be3 Nxe3 19. Qxe3 b5 20. a3 Rc8 21. Kh1
Bxd4 22. Rxd4 O-O 23. Rad1 Rfd8 24. g4 hxg4 25. Qg3 Rc4 26. Qxg4 Rxd4 27. Rxd4
Qe7 28. h4 Kg7 29. Qg5 Qxg5 30. fxg5 Rc8 31. Kg2 Kf8 32. Kf3 Ke7 33. Ke3 Kd7
34. Rf4 Ke7 35. Kd3 Rc7 36. Ke3 Rc8 37. Kf3 Rb8 38. Kg4 Rh8 39. Kf3 $11 1/2-1/2

[Event "SR 2. liga A 2011/2012"]
[Site "?"]
[Date "2011.11.05"]
[Round "13.4"]
[White "Liptak, Dusan"]
[Black "Merva, Frantisek"]
[Result "1/2-1/2"]
[WhiteElo "2075"]
[BlackElo "2047"]
[PlyCount "89"]
[EventDate "2011.??.??"]
[WhiteTeam "Slovakia"]
[BlackTeam "Slovakia"]
[WhiteTeamCountry "SVK"]
[BlackTeamCountry "SVK"]

1. Nf3 Nf6 2. c4 g6 3. Nc3 d5 4. cxd5 Nxd5 5. g3 Bg7 6. Bg2 c5 7. O-O Nc6 8.
Qb3 Nc7 9. d3 O-O 10. Ne4 b6 11. Bd2 Bg4 12. Bc3 e5 13. a4 Nd5 14. Rfe1 Nxc3
15. bxc3 Rc8 16. Ned2 Be6 17. Qc2 Na5 18. Rab1 c4 19. h4 h6 20. Rb4 Qd7 21. Rb5
cxd3 22. exd3 Rfd8 23. Bf1 Bf5 24. Ne4 Qc7 25. c4 Nc6 26. Qb1 Bg4 27. Ned2 Nd4
28. Nxd4 Rxd4 29. Nb3 Rd6 30. c5 bxc5 31. Rxc5 Rc6 32. Rec1 Rxc5 33. Rxc5 Qb6
34. Rb5 Qd6 35. Bg2 a6 36. Rb7 Be6 37. Nd2 Qa3 38. Nc4 Bxc4 39. dxc4 Rxc4 40.
Kh2 Qc5 41. Qa2 Qc8 42. Qb3 Bf8 43. Bd5 Rc7 44. Bxf7+ Kg7 45. Bd5 $11 1/2-1/2